| LEADER 01174nam 2200277 a 4500 |
| 001 12334104058 |
| 003 ULIB |
| 008 030417s2550 th a sb 001 0 tha |
| 020 ^a9789749510230
|
| 060 04 ^aWV100^bต367 2550
|
| 245 00 ^aตำราโสต ศอ นาสิกวิทยา ฉบับเรียบเรียงใหม่ครั้งที่ 1 /^cบรรณาธิการ สุภาวดี ประคุณหังสิต
|
| 250 ^aพิมพ์ครั้งที่ 1
|
| 260 ^aกรุงเทพฯ :^bโฮลิสติก พับลิชชิ่ง,^c2550
|
| 300 ^a580 หน้า
|
| 650 7 ^aโสตนาสิกซ์ลาริย์งวิทยา
|
| 650 7 ^aหูคอจมูกและกล่องเสียง, โรค
|
| 650 4 ^aOtorhinolaryngologic Diseases
|
| 700 0 ^aสุภาวดี ประคุณหังสิต,^eบรรณาธิการ
|
| 700 0 ^aกฤษณา เลิศสุขประเสริฐ,^eบรรณาธิการ
|
| 710 2 ^aมหาวิทยาลัยมหิดล. ^bคณะแพทยศาสตร์โรงพยาบาลรามาธิบดี. ^bภาควิชาโสต ศอ นาสิกวิทยา.
|
| 913 ^aImported by ULIBM Administrator
|
| 949 ^aImport form external file by ULIBM system
|
| 999 ^aอรทัย, สุณิสา
|